| Tag |
First Indicator |
Second Indicator |
Subfields |
| LEADER |
00000cam a2200000 i 4500 |
| 001 |
in00003859986 |
| 005 |
20211120181818.0 |
| 006 |
m o d f |
| 007 |
cr mn||||||||| |
| 008 |
170206s2014 dcua ob f000 0 eng c |
| 035 |
|
|
|a (OCoLC)ocn971501004
|
| 040 |
|
|
|a GPO
|b eng
|e rda
|e pn
|c GPO
|d MvI
|d UtOrBLW
|
| 042 |
|
|
|a pcc
|
| 043 |
|
|
|a n-us---
|
| 049 |
|
|
|a WWW
|
| 074 |
|
|
|a 0546-D (online)
|
| 086 |
0 |
|
|a GA 1.13:GAO-15-16
|
| 088 |
|
|
|a GAO-15-16
|
| 110 |
1 |
|
|a United States.
|b Government Accountability Office,
|e author.
|0 http://id.loc.gov/authorities/names/no2004066329
|
| 245 |
1 |
0 |
|a Individual retirement accounts, IRS could better bolster enforcement on multimillion dollar accounts, but more direction from Congress is needed :
|b report to the Chairman, Committee on Finance, United States Senate.
|
| 246 |
3 |
0 |
|a IRS could better bolster enforcement on multimillion dollar accounts, but more direction from Congress is needed
|
| 246 |
3 |
|
|a Individual retirement accounts, Internal Revenue Service could better bolster enforcement on multimillion dollar accounts, but more direction from Congress is needed
|
| 264 |
|
1 |
|a [Washington, D.C.] :
|b United States Government Accountability Office,
|c 2014.
|
| 300 |
|
|
|a 1 online resource (iv, 92 pages) :
|b color illustrations
|
| 336 |
|
|
|a text
|b txt
|2 rdacontent
|
| 337 |
|
|
|a computer
|b c
|2 rdamedia
|
| 338 |
|
|
|a online resource
|b cr
|2 rdacarrier
|
| 500 |
|
|
|a "GAO-15-16."
|
| 500 |
|
|
|a "October 2014."
|
| 504 |
|
|
|a Includes bibliographical references.
|
| 588 |
|
|
|a Description based on online resource, PDF version; title from cover (GAO web site, viewed Feb. 6, 2017).
|
| 610 |
1 |
0 |
|a United States.
|b Internal Revenue Service.
|0 http://id.loc.gov/authorities/names/n79063888
|
| 650 |
|
0 |
|a Individual retirement accounts
|x Taxation
|z United States.
|
| 650 |
|
0 |
|a Taxation
|x Law and legislation
|z United States.
|0 http://id.loc.gov/authorities/subjects/sh2008112540
|
| 650 |
|
0 |
|a Individual retirement accounts
|x Law and legislation
|z United States.
|0 http://id.loc.gov/authorities/subjects/sh2008123299
|
| 710 |
1 |
|
|a United States.
|b Congress.
|b Senate.
|b Committee on Finance,
|e sponsoring body.
|0 http://id.loc.gov/authorities/names/n78088975
|
| 856 |
4 |
0 |
|u https://purl.fdlp.gov/GPO/gpo77321
|t 0
|
| 999 |
f |
f |
|s a8f0e5d0-46fa-36ba-8358-eeb907186ee7
|i a2e6530e-9bab-3391-97d8-f03d9751faa1
|t 0
|
| 952 |
f |
f |
|a Texas A&M University
|b College Station
|c Electronic Resources
|d Available Online
|t 0
|e GA 1.13:GAO-15-16
|h Superintendent of Documents classification
|
| 998 |
f |
f |
|a GA 1.13:GAO-15-16
|t 0
|l Available Online
|